000 01051cam a22002774a 4500
001 12473913
005 20251209150200.0
008 010717s2002 paua bf 001 0 eng c
020 _a0781735475
_qpbk. : alk. paper
020 _a9780781735476
_q(pbk. : alk. paper)
050 0 0 _aRT48.5
_b.N88 2002
082 0 0 _a616.07/5
_221
245 0 0 _aNurse's quick reference to common laboratory and diagnostic tests /
_c[edited by] Frances Talaska Fischbach.
250 _a3rd ed.
260 _aPhiladelphia :
_bLippincott,
_cc2002.
300 _axii, 1000 p. :
_bill. ;
_c19 cm.
650 0 _aDiagnosis, Laboratory
_vHandbooks, manuals, etc.
650 0 _aNursing
_vHandbooks, manuals, etc.
650 1 2 _aDiagnostic Tests, Routine
_vHandbooks.
650 1 2 _aDiagnostic Tests, Routine
_vNurses' Instruction.
650 2 2 _aLaboratory Techniques and Procedures
_vHandbooks.
650 2 2 _aLaboratory Techniques and Procedures
_vNurses' Instruction.
650 2 2 _aNursing Diagnosis.
700 1 _aFischbach, Frances Talaska.
942 _2lcc
_cBK
_e3rd ed.
_n0
999 _c8523
_d8523